000 01180cam a2200325 i 4500
999 _c57932
_d57932
001 18164853
005 20221111163546.0
008 140521s2014 nyu 000 0 eng
010 _a 2014941345
020 _a9780199689668x
041 _aeng
080 _a327(4) P-78
100 1 _aBache, Ian.
_911003
245 1 0 _aPolitics in the European Union /
_cIan Bache, Simon Bulmer, Stephen George & Owen Parker.
250 _aFourth edition.
264 1 _aNew York, NY :
_bOxford University Press,
_c2015.
300 _axxv, 604 pages ;
_c25 cm.
336 _atext
_btxt
_2rdacontent
337 _aunmediated
_bn
_2rdamedia
338 _avolume
_bnc
_2rdacarrier
490 0 _aThe new European Union series
504 _aIncludes bibliographical references (pages 537-560) and index.
653 _aPolitics in the European Union
653 _aპოლიტიკა ევროკავშირში
653 _aПолитика в Европейском Союзе
700 1 _aBulmer, Simon.
_911006
_eავტორი
700 1 _aGeorge, Stephen
_d
_911007
_eავტორი
700 1 _aParker, Owen
_911008
_eავტორი
942 _2udc
_cBK